000 00722nam a2200217 i 4500
001 72646
003 ES-MaACL
005 20240625125656.0
007 t|
008 040902s1945 ag ||||1| spa d
100 1 _aGobineau, Arthur
_ccomte de.
_9147893
245 1 3 _aEl renacimiento /
_cConde de Gobineau ; con treinta y cinco dibujos de Luis Seoane ; [traducción por Roger Plá].
260 _aBuenos Aires :
_bPoseidón,
_c[1945] (
_fSebastián de Amorrortu)
300 _a514 p., 35 lám. ;
_c23 cm.
490 1 _aLaberinto
700 1 _aSeoane, Luis,
_d1910-1979
_9155119
700 1 _aPla, Roger.
_992480
830 0 _aLaberinto
_9189837
852 _aES-MaACL
_jD-6761
_bR.29623
999 _c72646
_d72646